Un elefante ocupa mucho espacio /
Guardado en:
| Autor Principal: | |
|---|---|
| Otros Autores: | |
| Formato: | Libro |
| Publicado: |
Buenos Aires :
Alfaguara,
1998.
|
| Edición: | 3a. reimp. |
| Series: | Torre de Papel. Azul.
|
| Materias: | |
| Etiquetas: |
Agregar Etiqueta
Sin Etiquetas, Sea el primero en etiquetar este registro!
|
| LEADER | 01180nam a22002535a 4500 | ||
|---|---|---|---|
| 001 | CEM.cems019973 | ||
| 008 | 230410s1998##################000#0#####d | ||
| 005 | 20230425120415.0 | ||
| 245 | 1 | 0 | |a Un elefante ocupa mucho espacio / |c Elsa Bornemann, ilustrado por Nora Stella Torres. |
| 250 | |a 3a. reimp. | ||
| 260 | |a Buenos Aires : |b Alfaguara, |c 1998. | ||
| 300 | |a 113 p. | ||
| 490 | 0 | |a Torre de Papel. Azul. | |
| 500 | |a A partir de 9 años. | ||
| 505 | 0 | |a Un elefante ocupa mucho espacio -- Postranca negra -- Caso Gaspar -- Una trenza tan larga -- Pablo -- Cuando fallan los espejos -- El pasaje de la Oca -- Niebla voladora -- Sobre la falda -- Cuento gigante -- La madrastra -- El año verde -- Donde se cuentan las fechorías del Comesol -- La casa-árbol -- Cuento con caricia -- Acerca de un elefante ocupa mucho espacio | |
| 020 | |a 9580434530 | ||
| 100 | 1 | |a Bornemann, Elsa. | |
| 700 | 1 | |a Torres, Nora Stella; il. | |
| 082 | 0 | 4 | |a A868.4 |
| 653 | |a Literatura infantil | ||
| 653 | |a Literatura juvenil | ||
| 653 | |a Cuentos | ||
| 859 | |a CEMS |b BIB. CEMS - Agricultura |h A868.4 |i B645-2 |p A3530.23 |t Ej.1 | ||
| 859 | |a CEMS |b BIB. CEMS - Inicial y Primaria |h A868.4 |i B645-1 |k IP |p 2347 |t Ej.1 | ||
